Hàm biến phức

Gespeichert in:
Bibliographische Detailangaben
1. Verfasser:  Nguyễn Văn Khuê
Format: Sách
Sprache:Undetermined
Veröffentlicht:  Đại học Quốc gia Hà Nội  2009
Schlagworte:
Tags: Tag hinzufügen
Keine Tags, Fügen Sie den ersten Tag hinzu!
Thư viện lưu trữ: Trung tâm Thư viện - Trường Đại học Công nghiệp TP. Hồ Chí Minh
LEADER 00508nam a2200157Ia 4500
001 UIH_02968
008 231011s9999 xx 000 0 und d
082 |a  515 
100 |a  Nguyễn Văn Khuê 
245 0 |a  Hàm biến phức 
245 0 |c  Nguyễn Văn Khuê 
260 |b  Đại học Quốc gia Hà Nội 
260 |c  2009 
650 |a  Hàm biến phức;  
927 |a Sách 
980 |a Trung tâm Thư viện - Trường Đại học Công nghiệp TP. Hồ Chí Minh